Ekonomická migrácia z krajín Strednej Ázie bakalárska práca

Enregistré dans:
Détails bibliographiques
Auteur principal: Konečník, Martin
Collectivité auteur: Fakulta medzinárodných vzťahov EU. Katedra medzinárodných ekonomických vzťahov a hospodárskej diplomacie
Autres auteurs: Jančíková, Eva, 1960-
Format: Livre
Langue:slovaque
Publié: Bratislava 2023
Tags: Ajouter un tag
Pas de tags, Soyez le premier à ajouter un tag!

MARC

LEADER 00000nbm a2200000 4500
001 0301752
005 20250225135853.7
041 0 |a slo 
044 |a SK 
245 1 0 |a Ekonomická migrácia z krajín Strednej Ázie  |b bakalárska práca  |c Martin Konečník ; školiteľ: Eva Jančíková 
264 1 |a Bratislava  |c 2023 
300 |a 46 s. 
100 1 |a Konečník, Martin 
700 1 |a Jančíková, Eva, 1960- 
710 2 |a Fakulta medzinárodných vzťahov EU. Katedra medzinárodných ekonomických vzťahov a hospodárskej diplomacie